000 00622nam a22002177a 4500
001 T027600006719
008 181111b xve|||||r|||| 00| | esp d
099 _aIVP-D-03255
_b
100 _aSpencer, Lyle M.
245 _aMétodos para Evaluar la Competencia: Historia y Desarrollo Actual.
260 _a1990
300 _a78
500 _aFotocopiado
650 _aRecursos Humanos--Investigaciones
650 _aCompetencia (Psicología)--Administración--EEUU
650 _aAnálisis del Trabajo.
650 _aEspañol.
700 _aMcClelland, David C.
_e
700 _aSpencer, Signe M.
_e
942 _cLIB
999 _c7849
_d7849